| 000 | 00353 a2200157 4500 | ||
|---|---|---|---|
| 001 | 186094 | ||
| 020 | _a978-1-4050-7618-0 | ||
| 040 | _cMagnum | ||
| 100 | _aCooper, James Fenimore | ||
| 240 | 1 | 0 |
_aThe last of the Mohicans _lING |
| 245 | 1 | 0 | _aThe last of the Mohicans |
| 300 | _a62 | ||
| 362 | 0 | _a2005 | |
| 697 | _aLITERATURA INGLESA | ||
| 942 | _cBK | ||
| 999 |
_c186094 _d186094 |
||